Open Data Biblioteca Nacional de Portugal


República Portuguesa: Ministério da Cultura
Biblioteca Nacional de Portugal

Catálogo da BNP: acesso por Identificadores Unívocos
Registos Bibliográficos associados ao registo de autoridade

Etiqueta de registo: 00230nam 2200025 450
001 1857560
003 http://id.bnportugal.gov.pt/bib/catbnp/1857560
100 ## $a20131203d2013 k y0pory0103 ba
101 0# $aeng$dpor
102 ## $aPT
105 ## $aa m 000yy
106 ## $ar
200 1# $aCrack detection and Characterization in flexible road pavements using digital image processing $fHenrique José Monteiro Oliveira$gorient. Paulo Luís Serras Lobato Correia
210 #9 $aLisboa$c[s.n.],$d2013
215 ## $aXXIV, 306 p.$cil.$d30 cm
215 ## $a1 disco óptico (CD-ROM) em caixa$d13 x 15 x 1 cm
305 ## $aEd. impressa e em CD-ROM
320 ## $aContém bibliografia
328 #1 $aTese dout. Eng. Electrotécnica e de Computadores , Instituto Superior Técnico, Univ. Técnica de Lisboa, 2013
675 ## $a004.91$vBN$zpor$31119714
675 ## $a625.8(043)$vBN$zpor$31246765
675 ## $a620.17(043)$vBN$zpor$31219943
700 #1 $aOliveira,$bHenrique José Monteiro$31555552
702 #1 $aCorreia,$bPaulo Luís Serras Lobato$4727$3117312
801 #0 $aPT$bBN$gRPC
966 ## $lBN$mDEM$sP. 20976 P.$x1
966 ## $lBN$mFGMON$sP. 38839 V.$x1

Etiqueta de registo: 00254nam 2200025 450
001 2278860
003 http://id.bnportugal.gov.pt/bib/catbnp/2278860
100 ## $a20260310d2025 k y0pory01030103ba
101 0# $aeng$dpor
102 ## $aPT
105 ## $aa m 000yy
106 ## $ar
200 1# $aAccurate rural road network within an integrated framework of tools for a decision support system in wildfire management$fMiguel Alexandre Gonçalves Lourenço$gadviser Luís Augusto Bica Gomes de Oliveira, Henrique José Monteiro Oliveira
210 #9 $aLisboa$c[s.n.],$d2025
215 ## $aXXXIV, 192 p.$cil.$d30 cm
328 #1 $aTese dout. Electrical and Computer Engineering, NOVA School of Science and Technology, Universidade NOVA de Lisboa, 2025
675 ## $a004.42(043)$vBN$zpor$3793077
675 ## $a614.84(043)$vBN$zpor$31321229
700 #1 $aLourenço,$bMiguel Alexandre Gonçalves$31990514
702 #1 $aOliveira,$bLuís Augusto Bica Gomes de$4727$31350911
702 #1 $aOliveira,$bHenrique José Monteiro$4727$31555552
801 #0 $aPT$bBN$gRPC
966 ## $lBN$mFGMON$sP. 72375 V.$x1
971 ## $cssilva$d20260310
973 ## $cigoulao$d20260326

OpendataBNP@bnportugal.pt | Mais informação sobre acesso aos dados BNP